Análisis factorial de ítems de respuesta forzada : una revisión y un ejemplo (Record no. 175876)
[ view plain ]
| 000 -CABECERA | |
|---|---|
| campo de control de longitud fija | 02037nab a2200265 a 4500 |
| 005 - FECHA Y HORA DE LA ÚLTIMA TRANSACCIÓN | |
| campo de control | 20210219162416.0 |
| 008 - ELEMENTOS DE LONGITUD FIJA--INFORMACIÓN GENERAL | |
| campo de control de longitud fija | 991125s1985 mx 000 0 spa u |
| 035 ## - NÚMERO DE CONTROL DEL SISTEMA | |
| Número de control de sistema | UPN01000203775 |
| 049 ## - COLECCIÓN | |
| Colección | ART |
| 100 1# - ASIENTO PRINCIPAL--NOMBRE PERSONAL | |
| Nombre de persona | Calderón Carvajal, Carlos |
| 100 1# - ASIENTO PRINCIPAL--NOMBRE PERSONAL | |
| Filiación | carlos.calderon@umag.cl |
| 100 1# - ASIENTO PRINCIPAL--NOMBRE PERSONAL | |
| Nombre de persona | Ximénez Gómez, Carmen |
| 222 #0 - TÍTULO CLAVE | |
| Título clave | REVISTA LATINOAMERICANA DE PSICOLOGIA |
| 245 00 - MENCIÓN DE TÍTULO | |
| Título | Análisis factorial de ítems de respuesta forzada : una revisión y un ejemplo |
| 260 ## - PUBLICACIÓN, DISTRIBUCIÓN, ETC. | |
| Lugar de publicación, distribución, etc. | Bogotá, Colombia |
| 300 ## - DESCRIPCIÓN FÍSICA | |
| Extensión | 24-34 |
| 362 0# - FECHAS DE PUBLICACIÓN Y/O DESIGNACIÓN SECUENCIAL | |
| Fecha de publicación y/o designación secuencial | 2014 Volumen 46, números 1-3 |
| 520 ## - NOTA DE RESUMEN, ETC. | |
| Sumario, etc. | Los test de respuesta forzada son ampliamente utilizados para reducir el efecto de los diferentes tipos de sesgo en la respuesta asociados a los test psicológicos (por ejemplo, la aquiescencia o la deseabilidad social). Sin embargo, este tipo de test genera los denominados datos ipsativos, los cuales poseen propiedades que hacen desaconsejable la aplicación de las técnicas clásicas de análisis factorial para su evaluación psicométrica. Pese a ello, en la práctica, muchos investigadores siguen empleando estos procedimientos para analizar los ítems de repuesta forzada; esto lleva necesariamente a conclusiones erróneas. El presente trabajo expone las propiedades analíticas de los ítems de respuesta forzada, así como un ejemplo que ilustra cómo afectan estas propiedades a la aplicación de las técnicas estadísticas clásicas y conducen a interpretaciones erróneas. Adicionalmente, se presenta una de las principales alternativas para analizar este tipo de datos basada en el modelo de juicio comparativo de Thurstone, así como los resultados de un estudio de simulación que ilustra su aplicación y efectividad en la recuperación de la estructura factorial original |
| 653 0# - TERMINO DE INDIZACION - NO CONTROLADO | |
| Término no controlado | TESTS |
| 653 0# - TERMINO DE INDIZACION - NO CONTROLADO | |
| Término no controlado | ITEMS DE RESPUESTA FORZADA |
| 653 0# - TERMINO DE INDIZACION - NO CONTROLADO | |
| Término no controlado | ANALISIS FACTORIAL |
| 856 4# - LOCALIZACIÓN Y ACCESO ELECTRÓNICOS | |
| Identificador Uniforme del Recurso | <a href="http://www.redalyc.org/articulo.oa?id=80532607003">http://www.redalyc.org/articulo.oa?id=80532607003</a> |
| 856 4# - LOCALIZACIÓN Y ACCESO ELECTRÓNICOS | |
| Identificador Uniforme del Recurso | <a href="http://www.sci.unal.edu.co/pdf/rlps/v46n1/v46n1a03.pdf">http://www.sci.unal.edu.co/pdf/rlps/v46n1/v46n1a03.pdf</a> |
| 905 ## - TIPO DE MATERIAL | |
| Tipo de material | Articulo |
No items available.
